El cuento de la isla desconocida / (Record no. 127232)

MARC details
000 -CABECERA
campo de control de longitud fija 00821cam a22002654a 4500
003 - IDENTIFICADOR DEL NÚMERO DE CONTROL
campo de control UPN
005 - FECHA Y HORA DE LA ÚLTIMA TRANSACCIÓN
campo de control 20220919063623.0
008 - ELEMENTOS DE LONGITUD FIJA--INFORMACIÓN GENERAL
campo de control de longitud fija 040302s2006 mx a r 000 1 spa d
020 ## - NÚMERO INTERNACIONAL NORMALIZADO PARA LIBROS
Número Internacional Estándar del Libro 9707707313
035 ## - NÚMERO DE CONTROL DEL SISTEMA
Número de control de sistema UPN01000155116
040 ## - FUENTE DE LA CATALOGACIÓN
Centro catalogador/agencia de origen UPN
Lengua de catalogación spa
Centro/agencia transcriptor UPN
049 ## - COLECCIÓN
Colección CG
050 #4 - SIGNATURA TOPOGRÁFICA DE LA BIBLIOTECA DEL CONGRESO
Número de clasificación PQ9281 S2
Número de documento/Ítem C8.3
100 1# - ASIENTO PRINCIPAL--NOMBRE PERSONAL
Nombre de persona Saramago, José,
Fechas asociadas al nombre 1922-2010
9 (RLIN) 29596
245 13 - MENCIÓN DE TÍTULO
Título El cuento de la isla desconocida /
Mención de responsabilidad, etc. José Saramago ; tr. Pilar del Río ; il. Manuel Estrada.
260 ## - PUBLICACIÓN, DISTRIBUCIÓN, ETC.
Lugar de publicación, distribución, etc. México :
Nombre del editor, distribuidor, etc. Punto de Lectura,
Fecha de publicación, distribución, etc. 2006.
300 ## - DESCRIPCIÓN FÍSICA
Extensión 73 p. :
Otras características físicas il.
490 0# - MENCIÓN DE SERIE
Mención de serie Punto de lectura ;
Designación de volumen o secuencia 3.4
534 ## - NOTA SOBRE LA VERSIÓN ORIGINAL
Frase introductoria Traducción de:
Mención de título del original O conto da ilba desconbecida
586 ## - NOTA DE PREMIOS
Nota de premios Premio Nobel de Literatura 1998
650 #0 - ASIENTO SECUNDARIO DE MATERIA - TERMINO TEMATICO
Término de materia o nombre geográfico como elemento de entrada Cuentos portugueses
9 (RLIN) 9898
650 #4 - ASIENTO SECUNDARIO DE MATERIA - TERMINO TEMATICO
Término de materia o nombre geográfico como elemento de entrada LITERATURA PORTUGUESA
9 (RLIN) 5579
905 ## - TIPO DE MATERIAL
Tipo de material Libro
942 ## - ELEMENTOS DE PUNTO DE ACCESO ADICIONAL (KOHA)
Fuente del sistema de clasificación o colocación Library of Congress Classification
Tipo de ítem Koha Libro
Holdings
Estado de retiro Estado de pérdida Fuente del sistema de clasificación o colocación Estado dañado No para préstamo Código de colección Localización permanente Ubicación/localización actual Ubicación en estantería Total de préstamos Clasificación Código de barras Fecha visto por última vez Tipo de ítem Koha
    Library of Congress Classification     Colección General Bib. Gregorio Torres Quintero Bib. Gregorio Torres Quintero Planta baja 25 PQ9281 S2 C8.3 255236 31/12/2020 Libro